[Event "Cracovia 2008 op A"]
[Site "Krakow"]
[Date "2009.01.02"]
[Round "7.35"]
[White "Muc, Marcin"]
[Black "Veltkamp, Gerben"]
[Result "0-1"]
[WhiteElo "2139"]
[BlackElo "2221"]
[PlyCount "140"]
[EventDate "2008.??.??"]

1. d4 d5 2. c4 c6 3. Nf3 Nf6 4. Qc2 g6 5. Bf4 Bg7 6. Nbd2 O-O 7. e3 c5 8. cxd5
cxd4 9. e4 Ne8 10. Nb3 e6 11. Rc1 Nd7 12. Bg5 Qb6 13. Be7 exd5 14. Bxf8 Nxf8
15. exd5 Bh6 16. Rd1 Qb4+ 17. Nbd2 Bg4 18. Qb3 Qe7+ 19. Be2 Nd6 20. h3 d3 21.
Qxd3 Bf5 22. Qa3 Bc2 23. O-O Bxd1 24. Bxd1 Qf6 25. Qb4 Bg7 26. b3 a5 27. Qb6
Ra6 28. Qc7 b5 29. Be2 a4 30. Qc5 Nd7 31. Qc7 Nb6 32. Qb8+ Nbc8 33. bxa4 Rxa4
34. Bxb5 Rxa2 35. Nc4 Bf8 36. Nxd6 Nxd6 37. Bc6 Kg7 38. Qb3 Rb2 39. Qd3 Nf5 40.
Bd7 Nd6 41. Re1 h5 42. Bc6 Nf5 43. Qc4 Bb4 44. Rf1 Ba5 45. Bd7 Nd6 46. Qd3 Bb6
47. Ba4 Ra2 48. Bb3 Ra3 49. Nd2 Ra1 50. Rxa1 Bxf2+ 51. Kf1 Bc5+ 52. Ke2 Qxa1
53. Ne4 Qe5 54. Bc2 f5 55. Qc3 Qxc3 56. Nxc3 Kf6 57. Kf3 Bb4 58. Ne2 Bd2 59. g3
g5 60. Bb3 Ke5 61. Ba2 g4+ 62. Kg2 Ke4 63. Bb3 Kd3 64. Ng1 Be3 65. hxg4 hxg4
66. Ba4 Bxg1 67. Kxg1 Ke4 68. Bb3 Kf3 69. Kh2 Kf2 70. Bc2 f4 0-1

[Event "Cracovia 2008 op A"]
[Site "Krakow"]
[Date "2009.01.02"]
[Round "7.36"]
[White "Sowul, Bartosz"]
[Black "Nasuta, Grzegorz"]
[Result "0-1"]
[WhiteElo "2000"]
[BlackElo "2081"]
[PlyCount "130"]
[EventDate "2008.??.??"]

1. e4 c5 2. Nf3 d6 3. d4 cxd4 4. Nxd4 Nf6 5. Nc3 e6 6. Bc4 Be7 7. Bb3 O-O 8.
Be3 Na6 9. f4 Nc5 10. Qf3 a6 11. O-O Qc7 12. f5 b5 13. fxe6 fxe6 14. Qh3 Nxb3
15. cxb3 e5 16. Nf5 Kh8 17. Qh4 Bxf5 18. Rxf5 d5 19. Bg5 d4 20. Ne2 d3 21. Ng3
Qc2 22. Nf1 Qxb2 23. Rd1 Nxe4 24. Qxe4 Rxf5 25. Qxf5 Rf8 26. Qxd3 Bxg5 27. h3
h6 28. a4 Qf2+ 29. Kh1 Rd8 30. Qf3 Qxf3 31. Rxd8+ Bxd8 32. gxf3 Kg8 33. Kg2 Kf7
34. Kf2 Bb6+ 35. Ke2 Ke6 36. axb5 axb5 37. Ng3 g6 38. Kd3 Kd5 39. Ne4 Ba5 40.
Ke3 Bb6+ 41. Kd3 Bd4 42. Nd2 Bc5 43. Ne4 Bb4 44. Nf2 h5 45. Nd1 e4+ 46. fxe4+
Ke5 47. Ne3 Bc5 48. h4 Be7 49. Ng2 Bf6 50. Ke3 g5 51. hxg5 Bxg5+ 52. Kf3 Kd4
53. e5 Kxe5 54. Ne1 Kd4 55. Nc2+ Kc3 56. Na3 b4 57. Nb5+ Kxb3 58. Nd4+ Kc3 59.
Ke4 h4 60. Nb5+ Kc4 61. Nd6+ Kc5 62. Nb7+ Kc6 63. Na5+ Kb5 64. Nb3 Kc4 65. Nd4
h3 0-1

[Event "Cracovia 2008 op A"]
[Site "Krakow"]
[Date "2009.01.02"]
[Round "7.37"]
[White "Tofil, Borys"]
[Black "Picard, Romain"]
[Result "1-0"]
[WhiteElo "2132"]
[BlackElo "2371"]
[PlyCount "148"]
[EventDate "2008.??.??"]

1. e4 e6 2. d4 d5 3. Nc3 Nf6 4. Bg5 Be7 5. e5 Nfd7 6. h4 Nc6 7. Nf3 Nb6 8. Ne2
f6 9. exf6 gxf6 10. Bf4 Bd6 11. c3 Bd7 12. a4 a6 13. g3 Qe7 14. Bg2 O-O 15. O-O
Kh8 16. Bxd6 Qxd6 17. b3 Rae8 18. a5 Nc8 19. Nf4 e5 20. Ne2 Bg4 21. Qd2 e4 22.
Nh2 Bxe2 23. Qxe2 f5 24. f4 Qh6 25. Rfe1 Nd6 26. Nf1 Rg8 27. Kh2 Rg7 28. Bh3
Reg8 29. Qe3 Ne7 30. Ra2 Ne8 31. Rg2 Nf6 32. Qf2 Nh5 33. Re2 Qf6 34. Rc2 c6 35.
b4 Nc8 36. Qe2 Qf7 37. Qe3 Nd6 38. Rcf2 Qf6 39. Qe2 Qh6 40. Rg1 Rg6 41. Rfg2
R8g7 42. Qf2 Rg8 43. Ne3 Rf6 44. Rf1 Qf8 45. Qe2 Qf7 46. Rfg1 Rh6 47. Qf2 Rhg6
48. Qe2 R6g7 49. Qf1 Rf8 50. Qe2 Rgg8 51. Qf2 Qe7 52. Qe2 Ng7 53. Rf2 Ne6 54.
Qh5 Ng7 55. Qe2 h5 56. Bf1 Qf6 57. Qd1 Kh7 58. Be2 Kh6 59. Qd2 Ne6 60. Qd1 Qf7
61. Qd2 Rg7 62. Rfg2 Rfg8 63. Nf1 Qf6 64. Kh3 Nf8 65. Qe3 Nd7 66. Qf2 Qf7 67.
Ne3 Nf6 68. Qe1 Kh7 69. Kh2 Kh6 70. Qd2 Nh7 71. Rh1 Nf6 72. Kg1 Nd7 73. Qe1 Nf8
74. Qf2 Qf6 {(...)} 1-0

[Event "Cracovia 2008 op A"]
[Site "Krakow"]
[Date "2009.01.02"]
[Round "7.38"]
[White "Czarnecki, Wojciech"]
[Black "Brokken, Dennis"]
[Result "0-1"]
[WhiteElo "2132"]
[BlackElo "2306"]
[PlyCount "80"]
[EventDate "2008.??.??"]

1. e4 e5 2. Nf3 Nc6 3. d4 exd4 4. Nxd4 Nf6 5. Nc3 Bb4 6. Nxc6 bxc6 7. Bd3 d5 8.
exd5 cxd5 9. O-O O-O 10. Bg5 c6 11. Qf3 Be7 12. h3 h6 13. Bh4 Rb8 14. b3 Rb4
15. Bg3 Bd6 16. Bxd6 Qxd6 17. Rfe1 Rf4 18. Qe2 Be6 19. Rad1 Rh4 20. Qe5 Qd7 21.
f4 Bxh3 22. g3 Rh5 23. Qe7 Qc8 24. Qxa7 Bf5 25. Bxf5 Qxf5 26. Qf2 Ng4 27. Qf3
Rh2 28. Re2 Rxe2 29. Qxe2 Nf6 30. Qd3 Qh3 31. Re1 Nh5 32. Re3 d4 33. Qxd4 Nxg3
34. Qd3 Qh1+ 35. Kf2 Qh2+ 36. Ke1 Qg1+ 37. Kd2 Nf1+ 38. Ke2 Nxe3 39. Qxe3 Qg2+
40. Qf2 Re8+ 0-1

[Event "Cracovia 2008 op A"]
[Site "Krakow"]
[Date "2009.01.02"]
[Round "7.39"]
[White "Demidowicz, Maria"]
[Black "Cechura, Petr"]
[Result "1/2-1/2"]
[WhiteElo "2093"]
[BlackElo "2249"]
[PlyCount "109"]
[EventDate "2008.??.??"]

1. e4 c5 2. Nf3 d6 3. d4 cxd4 4. Nxd4 Nf6 5. Nc3 a6 6. f3 e5 7. Nb3 Be6 8. Be3
Nbd7 9. Qd2 b5 10. a4 b4 11. Nd5 Bxd5 12. exd5 Nb6 13. Bxb6 Qxb6 14. a5 Qb7 15.
Bc4 Be7 16. Ra4 Rb8 17. O-O O-O 18. Qd3 Ra8 19. Rd1 Nd7 20. Qe2 f5 21. Kh1 g6
22. c3 bxc3 23. bxc3 Rfc8 24. Rb4 Qc7 25. Bxa6 Qxc3 26. Rb7 Rc7 27. Rxc7 Qxc7
28. Rc1 Qa7 29. Bb5 Rb8 30. a6 Bd8 31. Qc4 Bb6 32. Bxd7 Qxd7 33. h3 Kf7 34. Qh4
Kg7 35. Rc6 f4 36. Qe1 Be3 37. Qc3 Kh6 38. Qc2 Qf5 39. Qd1 e4 40. fxe4 Qxe4 41.
Rc3 Qa4 42. Qg4 Bf2 43. h4 Re8 44. Kh2 Qe4 45. Qg5+ Kg7 46. Rc7+ Kg8 47. Qf6
Bg3+ 48. Kh3 Qf5+ 49. Qxf5 gxf5 50. a7 Bf2 51. Na5 Re3+ 52. Kh2 Bg3+ 53. Kh3
Bf2+ 54. Kh2 Bg3+ 55. Kh3 1/2-1/2

[Event "Cracovia 2008 op A"]
[Site "Krakow"]
[Date "2009.01.02"]
[Round "7.41"]
[White "Wisniowska, Klaudia"]
[Black "Shilov, Sergej"]
[Result "1-0"]
[WhiteElo "1988"]
[BlackElo "2229"]
[PlyCount "130"]
[EventDate "2008.??.??"]

1. e4 g6 2. d4 Bg7 3. Nc3 d6 4. Be3 a6 5. Qd2 b5 6. Bd3 Bb7 7. f3 Nd7 8. Nd1 c5
9. dxc5 Nxc5 10. Ne2 Nxd3+ 11. cxd3 d5 12. O-O d4 13. Bf2 e5 14. f4 exf4 15.
Qxf4 Ne7 16. Rc1 Rc8 17. Rxc8 Bxc8 18. Bh4 f5 19. exf5 Bxf5 20. Ng3 O-O 21.
Nxf5 Rxf5 22. Qe4 Rxf1+ 23. Kxf1 Qf8+ 24. Kg1 Nf5 25. Bf2 h5 26. b3 Qc5 27. Qe2
Qc1 28. Be1 Ne3 29. Nf2 Bf8 30. Ne4 Bb4 31. Nd2 Nc2 32. Qe8+ Kg7 33. Qe5+ Kf7
34. Qd5+ Kf8 35. Qd8+ Kf7 36. Qd5+ Ke7 37. Qb7+ Kf8 38. Qc8+ Kf7 39. Qc7+ Be7
40. Qf4+ Kg7 41. Qe5+ Bf6 42. Qc7+ Kh6 43. Qf4+ Kg7 44. Qc7+ Kg8 45. Qc8+ Kh7
46. Qc7+ Bg7 47. Nf1 Qd1 48. Bd2 Ne3 49. Qc1 Qe2 50. Nxe3 dxe3 51. Bxe3 Qxa2
52. b4 Qb3 53. Qc5 Qxd3 54. g3 Qc3 55. Kf2 a5 56. bxa5 Qxa5 57. Qe7 Qa2+ 58.
Kf3 Qd5+ 59. Kf2 Qf5+ 60. Kg2 Qe5 61. Qxe5 Bxe5 62. Bd2 Kg7 63. Kf3 Kf6 64. h4
Kf5 65. Bb4 Bd4 1-0

[Event "Cracovia 2008 op A"]
[Site "Krakow"]
[Date "2009.01.02"]
[Round "7.42"]
[White "Pazderski, Ziemowit"]
[Black "Kuciel, Wladyslaw"]
[Result "1-0"]
[WhiteElo "2209"]
[BlackElo "2142"]
[PlyCount "69"]
[EventDate "2008.??.??"]

1. d4 Nf6 2. g3 e6 3. Bg2 c5 4. Nf3 b5 5. Ne5 d5 6. c3 Bb7 7. Nd2 Nbd7 8. Ndf3
Be7 9. Qb3 b4 10. a3 a5 11. axb4 axb4 12. Rxa8 Qxa8 13. cxb4 cxb4 14. O-O O-O
15. Bd2 Ba6 16. Ra1 Qb7 17. Bf1 Nxe5 18. Nxe5 Ne4 19. Be1 f6 20. Nd3 Bc4 21.
Qa4 Bxd3 22. exd3 Ng5 23. Bg2 Rc8 24. Qa7 Qxa7 25. Rxa7 Bf8 26. f4 Rc1 27. Kf1
Nf7 28. f5 Nh6 29. fxe6 Nf5 30. Ra8 g5 31. Bxd5 Ne3+ 32. Kf2 Nxd5 33. Bxb4 Rc7
34. Bxf8 Nb6 35. Rb8 1-0

[Event "Cracovia 2008 op A"]
[Site "Krakow"]
[Date "2009.01.02"]
[Round "7.43"]
[White "Starczewska, Dominika"]
[Black "Muter, Donny"]
[Result "0-1"]
[WhiteElo "1842"]
[BlackElo "2190"]
[PlyCount "90"]
[EventDate "2008.??.??"]

1. e4 d6 2. d4 Nf6 3. Nc3 c6 4. Bd3 e5 5. Nge2 Be7 6. O-O O-O 7. h3 exd4 8.
Nxd4 c5 9. Nde2 Bd7 10. Nf4 Bc6 11. Re1 Nbd7 12. Nfd5 Bxd5 13. Nxd5 Nxd5 14.
exd5 Bf6 15. c4 Be5 16. Qc2 g6 17. Kh1 Qf6 18. Rb1 Bd4 19. Be3 Rfe8 20. Qd2
Bxe3 21. Rxe3 Qd4 22. Qe2 Rxe3 23. fxe3 Qe5 24. Rf1 Re8 25. Rf3 Kg7 26. Qf2 Re7
27. a3 a6 28. Qd2 Nf6 29. Qf2 h5 30. Kg1 Nd7 31. Bb1 b5 32. b3 Qc3 33. e4 Qc1+
34. Qf1 Qxf1+ 35. Rxf1 bxc4 36. bxc4 Ne5 37. Ba2 Rb7 38. Rf2 Nd3 39. Rc2 Kf6
40. Rc3 Nf4 41. Rc2 Ke5 42. Rf2 Kxe4 43. Rf1 Ne2+ 44. Kf2 Nc3 45. Re1+ Kd4 0-1

[Event "Cracovia 2008 op A"]
[Site "Krakow"]
[Date "2009.01.02"]
[Round "7.44"]
[White "Skawinski, Arkadiusz"]
[Black "Kupczyk, Edyta"]
[Result "0-1"]
[WhiteElo "2154"]
[BlackElo "2123"]
[PlyCount "60"]
[EventDate "2008.??.??"]

1. e4 c6 2. d4 d5 3. exd5 cxd5 4. c4 Nf6 5. Nc3 Nc6 6. Be3 e6 7. Nf3 Be7 8. Rc1
O-O 9. a3 Qa5 10. Bd3 dxc4 11. Bxc4 Nd5 12. O-O Nxe3 13. fxe3 Qb6 14. Rc2 Bd7
15. Bd3 f5 16. Bc4 Kh8 17. Kh1 Bf6 18. Na4 Qa5 19. Nc5 Bc8 20. Nxe6 Bxe6 21.
Bxe6 Rae8 22. Bd7 Rxe3 23. Bxc6 bxc6 24. Rxc6 Rfe8 25. Qc1 Bxd4 26. Nxd4 Re1
27. Qf4 Qe5 28. Qf2 Rxf1+ 29. Qxf1 Qxd4 30. Qe2 Qd7 0-1

[Event "Cracovia 2008 op A"]
[Site "Krakow"]
[Date "2009.01.02"]
[Round "7.45"]
[White "Machlowski, Slawomir"]
[Black "Pietruszewski, Marcin"]
[Result "1-0"]
[WhiteElo "2154"]
[BlackElo "2027"]
[PlyCount "111"]
[EventDate "2008.??.??"]

1. g3 c5 2. Bg2 Nc6 3. Nf3 Nf6 4. d4 e6 5. c4 d5 6. O-O dxc4 7. Ne5 Nxe5 8.
dxe5 Nd5 9. Na3 b6 10. Nxc4 Bb7 11. Qa4+ Qd7 12. Qxd7+ Kxd7 13. a3 Rd8 14. Rd1
Kc8 15. e4 Nc7 16. Bg5 Rd4 17. Rxd4 cxd4 18. Rd1 h6 19. Bc1 Bc5 20. b4 Be7 21.
Rxd4 Nb5 22. Rd3 Rd8 23. Rxd8+ Kxd8 24. Bb2 g6 25. a4 Nc7 26. Nd6 Bxd6 27. exd6
Na6 28. Bc3 Nb8 29. f4 Bc6 30. b5 Bb7 31. Bd4 Nd7 32. e5 Bxg2 33. Kxg2 Ke8 34.
Kf3 Kf8 35. Ke4 Kg7 36. Kd3 Kf8 37. Kc4 Ke8 38. a5 Kd8 39. axb6 axb6 40. Bxb6+
Nxb6+ 41. Kc5 Nd7+ 42. Kc6 Kc8 43. h3 f6 44. exf6 Nxf6 45. d7+ Nxd7 46. Kd6 Nf6
47. Kxe6 Nh5 48. Kf7 g5 49. f5 Nxg3 50. Kg6 Ne4 51. f6 Nd6 52. Kxh6 Kd7 53. b6
Ke6 54. Kg6 Nb7 55. f7 Ke7 56. Kg7 1-0

[Event "Cracovia 2008 op A"]
[Site "Krakow"]
[Date "2009.01.02"]
[Round "7.46"]
[White "Marzano, Carlo"]
[Black "Goslawski, Michal"]
[Result "1/2-1/2"]
[WhiteElo "2188"]
[BlackElo "1902"]
[PlyCount "126"]
[EventDate "2008.??.??"]

1. Nc3 c5 2. Nf3 g6 3. d4 cxd4 4. Nxd4 Bg7 5. g3 Nc6 6. Nb3 d6 7. Bg2 Bd7 8.
O-O Qc8 9. Nd5 Nf6 10. Nxf6+ Bxf6 11. c3 Bh3 12. Bh6 Ne5 13. Qc1 Qg4 14. f3 Qh5
15. Bf4 Bxg2 16. Kxg2 g5 17. g4 Qg6 18. Bxe5 Bxe5 19. Qb1 Qf6 20. Qe4 h5 21.
Qxb7 Rd8 22. Qc6+ Kf8 23. Rh1 hxg4 24. fxg4 Qf4 25. Qf3 Rxh2+ 26. Rxh2 Qxh2+
27. Kf1 Rb8 28. Qg2 Qf4+ 29. Qf3 Qa4 30. Nd4 Bxd4 31. Qe4 e5 32. cxd4 Rxb2 33.
Qa8+ Kg7 34. Qd8 Qc2 35. Qxg5+ Qg6 36. Qxg6+ Kxg6 37. dxe5 dxe5 38. Kf2 Kg5 39.
Kf3 a5 40. e3 f6 41. a3 Rh2 42. Rc1 Rh3+ 43. Ke4 Rg3 44. Rc3 Kxg4 45. Rc5 f5+
46. Kd3 f4 47. Rxe5 f3 48. Rxa5 Kh3 49. Rf5 Kg2 50. a4 Rg4 51. e4 f2 52. Kd4
Rg3 53. Rxf2+ Kxf2 54. Kc5 Ke3 55. a5 Rg5+ 56. Kb6 Kd4 57. a6 Rg6+ 58. Kb7 Kc5
59. a7 Rg7+ 60. Ka6 Rg6+ 61. Kb7 Rg7+ 62. Ka6 Rg8 63. Kb7 Rg7+ 1/2-1/2

[Event "Cracovia 2008 op A"]
[Site "Krakow"]
[Date "2009.01.02"]
[Round "7.47"]
[White "Warakomska, Anna"]
[Black "Kumor, Lukasz"]
[Result "0-1"]
[WhiteElo "2169"]
[BlackElo "2105"]
[PlyCount "70"]
[EventDate "2008.??.??"]

1. e4 e6 2. d4 d5 3. Nc3 Nf6 4. e5 Nfd7 5. f4 c5 6. Nf3 Nc6 7. Be3 cxd4 8. Nxd4
Qb6 9. Qd2 Qxb2 10. Rb1 Qa3 11. Bb5 Bb4 12. Rb3 Qa5 13. Nxc6 bxc6 14. Bxc6 Rb8
15. O-O O-O 16. Bxd7 Bxd7 17. Qd3 Rbc8 18. Bd4 Rc4 19. Kh1 Rfc8 20. Rf3 Bxc3
21. Bxc3 Qxa2 22. h4 d4 23. Bxd4 Rxc2 24. Rg3 Bc6 25. Rc3 Rxg2 26. Rxc6 Rh2+
27. Kg1 Rxc6 28. Bb2 Rc1+ 29. Kxh2 Qxb2+ 30. Rg2 Qb6 31. Qg3 g6 32. h5 Qb1 33.
Qg5 Rh1+ 34. Kg3 Qd3+ 35. Kg4 Qh3# 0-1

[Event "Cracovia 2008 op A"]
[Site "Krakow"]
[Date "2009.01.02"]
[Round "7.49"]
[White "Swiech, Przemyslaw"]
[Black "Golek, Jagoda"]
[Result "0-1"]
[WhiteElo "2119"]
[BlackElo "2028"]
[PlyCount "132"]
[EventDate "2008.??.??"]

1. d4 d5 2. c4 e6 3. Nc3 f5 4. Qc2 c6 5. Nf3 Nf6 6. e3 Bd6 7. Bd3 Ne4 8. a3 Nd7
9. Rb1 O-O 10. b4 a6 11. Qb3 Kh8 12. Ne2 Ndf6 13. Ne5 Bxe5 14. dxe5 Ng4 15. f4
Nef2 16. O-O Qh4 17. h3 Nxh3+ 18. gxh3 Qxh3 19. Rf2 Nxf2 20. Kxf2 Rg8 21. Ke1
g5 22. Qc3 Bd7 23. Kd2 Raf8 24. Kc2 g4 25. Bd2 Rg6 26. Qa1 g3 27. Rh1 Qg4 28.
Ng1 Rgg8 29. Be2 Qg7 30. Bf3 dxc4 31. Ne2 Qe7 32. Qf1 Rg7 33. Qh3 c5 34. Nxg3
Ba4+ 35. Kb2 Qd7 36. Bc3 Qd3 37. Rh2 Qxe3 38. Nh5 Rg1 39. Rd2 Qe1 40. Bd1 Bxd1
41. Rh2 Qf1 42. Qxf1 Rxf1 43. Nf6 Rf7 44. bxc5 Bf3 45. Rd2 Rd1 46. Rd6 Rg7 47.
Bd4 Rg2+ 48. Kc3 Rc1+ 49. Kb4 Bc6 50. Rxe6 Rg3 51. Rxc6 Rb3+ 52. Ka4 bxc6 53.
e6 Re1 54. Be5 Rxe5 55. fxe5 Rb7 56. Nd7 Kg7 57. Nb6 c3 58. Kb3 Re7 59. Kxc3
Rxe6 60. Kd4 h5 61. Nc4 Kg6 62. Nd2 Kg5 63. Nf3+ Kf4 64. Nh4 Kg4 65. Ng2 h4 66.
Ne3+ Kg5 0-1

[Event "Cracovia 2008 op A"]
[Site "Krakow"]
[Date "2009.01.02"]
[Round "7.50"]
[White "Musialkiewicz, Jan"]
[Black "Gawronski, Lukasz"]
[Result "1/2-1/2"]
[WhiteElo "2117"]
[BlackElo "2066"]
[PlyCount "62"]
[EventDate "2008.??.??"]

1. e4 c5 2. Nf3 Nc6 3. d4 cxd4 4. Nxd4 Nf6 5. Nc3 e5 6. Ndb5 d6 7. Bg5 a6 8.
Na3 b5 9. Nd5 Be7 10. Bxf6 Bxf6 11. c3 Bg5 12. Nc2 Rb8 13. a4 bxa4 14. Ncb4
Nxb4 15. cxb4 Bd7 16. Bxa6 O-O 17. O-O Bc6 18. Rxa4 Bxa4 19. Qxa4 f5 20. exf5
Rxf5 21. b5 Qd7 22. Qb3 Kh8 23. b6 e4 24. Bc4 Qc6 25. Ra1 Qc5 26. Rf1 e3 27.
fxe3 Rxd5 28. Bxd5 Bxe3+ 29. Kh1 Qxb6 30. Qxb6 Bxb6 31. g3 Bc5 1/2-1/2

[Event "Cracovia 2008 op A"]
[Site "Krakow"]
[Date "2009.01.02"]
[Round "7.51"]
[White "Turcheniac, Mariya"]
[Black "Hansen, Victor"]
[Result "0-1"]
[WhiteElo "1979"]
[BlackElo "2112"]
[PlyCount "62"]
[EventDate "2008.??.??"]

1. e4 c6 2. d4 d5 3. Nc3 dxe4 4. Nxe4 Bf5 5. Ng3 Bg6 6. h4 h6 7. h5 Bh7 8. Nf3
Nd7 9. Bd3 Bxd3 10. Qxd3 Ngf6 11. Bd2 e6 12. c3 Be7 13. Ne4 O-O 14. Rh3 b5 15.
Nxf6+ Nxf6 16. Ne5 Qd5 17. Bf4 c5 18. O-O-O cxd4 19. Qxd4 Qxd4 20. Rxd4 Bc5 21.
Rd2 Rfd8 22. f3 Nd5 23. Nc6 Rdc8 24. Rxd5 exd5 25. Na5 d4 26. Rg3 Kh7 27. Kc2
dxc3 28. b3 Bb4 29. Nb7 Re8 30. Nd6 Re2+ 31. Kd3 Bxd6 0-1

[Event "Cracovia 2008 op A"]
[Site "Krakow"]
[Date "2009.01.02"]
[Round "7.52"]
[White "Vasylius, Kestutis"]
[Black "Wierzbicka, Wiktoria"]
[Result "1-0"]
[WhiteElo "2105"]
[BlackElo "2056"]
[PlyCount "77"]
[EventDate "2008.??.??"]

1. e4 c5 2. Nf3 d6 3. d4 cxd4 4. Nxd4 Nf6 5. Nc3 a6 6. Bg5 e6 7. f4 Be7 8. Qf3
Qc7 9. O-O-O Nbd7 10. Bd3 h6 11. Bh4 g5 12. fxg5 Ne5 13. Qe2 Nfg4 14. h3 hxg5
15. Bg3 Nf6 16. Rhf1 Bd7 17. Nf3 Rg8 18. Nxe5 dxe5 19. Rf3 O-O-O 20. Bxa6 bxa6
21. Qxa6+ Qb7 22. Qxb7+ Kxb7 23. Bxe5 Rg6 24. Rdf1 g4 25. Rxf6 Bxf6 26. Bxf6
Rc8 27. h4 Rc4 28. Kd2 Rb4 29. b3 Kc8 30. Ke3 Bc6 31. a3 Rb7 32. Ne2 Bb5 33. e5
g3 34. h5 Rh6 35. Rh1 Bc6 36. Nf4 Bd5 37. Nxd5 exd5 38. Bg7 Rc6 39. Kd2 1-0

[Event "Cracovia 2008 op A"]
[Site "Krakow"]
[Date "2009.01.02"]
[Round "7.53"]
[White "Szromba, Krzysztof"]
[Black "Chrzaszcz, Malvina"]
[Result "1-0"]
[WhiteElo "2158"]
[BlackElo "2010"]
[PlyCount "51"]
[EventDate "2008.??.??"]

1. d4 Nf6 2. c4 e6 3. Nc3 Bb4 4. Qc2 d5 5. cxd5 Qxd5 6. e3 c5 7. Bd2 Bxc3 8.
Bxc3 cxd4 9. Bxd4 Nbd7 10. Nf3 O-O 11. Bc4 Qh5 12. Be2 Qg6 13. Qxg6 hxg6 14.
Rc1 b6 15. O-O Bb7 16. Rc7 Bd5 17. b3 Rfd8 18. Bb5 a6 19. Be2 Ne8 20. Rc2 Nd6
21. Rfc1 Nf5 22. Bb2 Be4 23. Rc7 Ne7 24. Ng5 Bd5 25. e4 Bc6 26. Ba3 1-0

[Event "Cracovia 2008 op A"]
[Site "Krakow"]
[Date "2009.01.02"]
[Round "7.54"]
[White "Deriabina, Svetlana"]
[Black "Englert, Jan"]
[Result "0-1"]
[WhiteElo "2066"]
[BlackElo "2162"]
[PlyCount "96"]
[EventDate "2008.??.??"]

1. d4 d6 2. c4 e5 3. d5 Bf5 4. Nc3 Nf6 5. Nf3 h6 6. e3 Nbd7 7. Be2 Be7 8. O-O
a5 9. Nd2 Nc5 10. f3 O-O 11. e4 Bg6 12. Nb3 Nfd7 13. Be3 Bg5 14. Bf2 Nxb3 15.
Qxb3 b6 16. Qb5 Nb8 17. a3 f5 18. exf5 Bxf5 19. Qa4 Bd2 20. Nb5 Nd7 21. Qd1 Bg5
22. b4 Be7 23. Bd3 Bxd3 24. Qxd3 Nf6 25. Qg6 Qd7 26. Be3 Kh8 27. Nc3 Qe8 28.
Qd3 Qd7 29. Nb5 Rfc8 30. f4 e4 31. Qe2 c6 32. dxc6 Qxc6 33. Rac1 axb4 34. axb4
d5 35. cxd5 Qxd5 36. Nc7 Qa2 37. Rc2 Qa4 38. Rfc1 Rab8 39. b5 Bc5 40. Bxc5 Rxc7
41. Be3 Rxc2 42. Rxc2 Nd5 43. Bc1 Qd4+ 44. Kh1 e3 45. g3 Nc3 46. Qf3 e2 47. Bd2
Qxd2 48. Rxd2 e1=Q+ 0-1

[Event "Cracovia 2008 op A"]
[Site "Krakow"]
[Date "2009.01.02"]
[Round "7.55"]
[White "Zakoscielna, Kinga"]
[Black "Iwanow, Anna"]
[Result "0-1"]
[WhiteElo "2147"]
[BlackElo "1961"]
[PlyCount "90"]
[EventDate "2008.??.??"]

1. e4 e5 2. Nf3 Nc6 3. Bb5 a6 4. Ba4 Nf6 5. O-O b5 6. Bb3 Bc5 7. c3 d6 8. d4
Bb6 9. a4 Bb7 10. Re1 O-O 11. Na3 Qe7 12. Bg5 h6 13. Bxf6 Qxf6 14. d5 Ne7 15.
axb5 axb5 16. Nxb5 Rxa1 17. Qxa1 Ng6 18. Rf1 Nf4 19. g3 Bc8 20. Bc4 Bg4 21. Qd1
Qg6 22. Nh4 Nh3+ 23. Kg2 Qxe4+ 24. f3 Qxc4 25. Na3 Qc5 26. fxg4 Nf2 27. Qf3 e4
28. Qf5 e3 29. Nc2 Qc4 30. h3 Qe2 31. Re1 Qb5 32. b4 Re8 33. Nf3 Nd3 34. Rd1
Nb2 35. Nfd4 e2 36. Re1 Qc4 37. Qf3 Bxd4 38. Nxd4 Nd3 39. Rxe2 Ne1+ 40. Rxe1
Rxe1 41. Qf5 Re5 42. Qf3 Qa2+ 43. Kf1 Qd2 44. Ne2 Re3 45. Qf2 Qd1+ 0-1

[Event "Cracovia 2008 op A"]
[Site "Krakow"]
[Date "2009.01.02"]
[Round "7.56"]
[White "Andrzejewska, Anna"]
[Black "Sroka, Janusz"]
[Result "1-0"]
[WhiteElo "2030"]
[BlackElo "2129"]
[PlyCount "57"]
[EventDate "2008.??.??"]

1. e4 e5 2. Nf3 Nc6 3. d4 exd4 4. Bc4 Nf6 5. e5 Ne4 6. O-O Be7 7. Re1 Nc5 8.
Nxd4 O-O 9. Nc3 Nxd4 10. Qxd4 Ne6 11. Qe4 c6 12. Be3 d5 13. exd6 Bxd6 14. Rad1
Qc7 15. Qh4 Be7 16. Qh5 a5 17. Ne4 a4 18. Bd3 g6 19. Qf3 f5 20. Nc3 Bf6 21. Bh6
Bg7 22. Bxg7 Nxg7 23. Bc4+ Kh8 24. Qe3 b5 25. Qc5 Ba6 26. Re7 Qf4 27. Rdd7 Qc1+
28. Nd1 Rfd8 29. Qd4 1-0

[Event "Cracovia 2008 op A"]
[Site "Krakow"]
[Date "2009.01.02"]
[Round "7.57"]
[White "Gluszko, Monika"]
[Black "Siwiec, Arkadiusz"]
[Result "1/2-1/2"]
[WhiteElo "1901"]
[BlackElo "2095"]
[PlyCount "70"]
[EventDate "2008.??.??"]

1. e4 c5 2. Nf3 d6 3. d4 cxd4 4. Qxd4 Nc6 5. Bb5 Bd7 6. Bxc6 Bxc6 7. Nc3 e6 8.
Bg5 Nf6 9. O-O-O Be7 10. Rhe1 O-O 11. Kb1 Qa5 12. Qd3 a6 13. h4 b5 14. Nd4 Rfc8
15. f4 Bb7 16. f5 b4 17. Bxf6 Bxf6 18. Nce2 Qe5 19. Ng1 exf5 20. exf5 Qc5 21.
Ngf3 a5 22. g4 a4 23. g5 Be5 24. Nxe5 dxe5 25. Qb5 exd4 26. Re8+ Rxe8 27. Qxc5
b3 28. Ka1 Be4 29. cxb3 axb3 30. a3 Bc2 31. Rg1 d3 32. g6 fxg6 33. f6 gxf6 34.
h5 g5 35. Rxg5+ fxg5 1/2-1/2

[Event "Cracovia 2008 op A"]
[Site "Krakow"]
[Date "2009.01.02"]
[Round "7.58"]
[White "Hansen, Knut"]
[Black "Pietrzak, Wojciech"]
[Result "1/2-1/2"]
[WhiteElo "2076"]
[BlackElo "1912"]
[PlyCount "99"]
[EventDate "2008.??.??"]

1. e4 c5 2. Nf3 d6 3. d4 cxd4 4. Nxd4 Nf6 5. Nc3 g6 6. Be3 Bg7 7. f3 O-O 8. Qd2
Nc6 9. O-O-O d5 10. Nxc6 bxc6 11. exd5 Nxd5 12. Nxd5 cxd5 13. Qxd5 Qc7 14. Qc5
Qb7 15. Qa3 Bf5 16. Bd3 Rab8 17. b3 Be6 18. Kd2 Rfd8 19. Ke2 Rbc8 20. c4 a5 21.
Be4 Qb4 22. Qxb4 axb4 23. Rxd8+ Rxd8 24. Rd1 Rc8 25. Rc1 f5 26. Bd3 Ra8 27. Bb1
Ra5 28. Bd2 Bb2 29. Re1 Ba3 30. f4 Kf7 31. Be3 Bd7 32. Bd4 Bc6 33. g3 Ra8 34.
Be5 Rd8 35. Bc2 h5 36. h4 Rd7 37. Rd1 Rxd1 38. Kxd1 Ke6 39. Kd2 Kd7 40. Bd3 Bf3
41. Kc2 Kc6 42. Bd4 Bg2 43. Be3 Bf3 44. Bd4 Bg2 45. Bb2 Bxb2 46. Kxb2 Kc5 47.
a3 Bc6 48. axb4+ Kxb4 49. Kc2 Be8 50. Kb2 1/2-1/2

[Event "Cracovia 2008 op A"]
[Site "Krakow"]
[Date "2009.01.02"]
[Round "7.59"]
[White "Ogonowska, Katarzyna"]
[Black "Motor, Marta"]
[Result "1/2-1/2"]
[WhiteElo "1880"]
[BlackElo "2065"]
[PlyCount "82"]
[EventDate "2008.??.??"]

1. f4 d5 2. Nf3 Nf6 3. g3 c5 4. Bg2 Nc6 5. O-O g6 6. d3 Bg7 7. c3 O-O 8. Qe1 d4
9. Bd2 Bg4 10. h3 Be6 11. Na3 Qd7 12. Kh2 Bd5 13. Nc2 Rae8 14. c4 Bxf3 15. Bxf3
e5 16. fxe5 Nxe5 17. Qf2 Nxf3+ 18. Qxf3 Nh5 19. b4 Be5 20. Be1 Qc7 21. Rg1 b6
22. Rb1 f5 23. bxc5 f4 24. g4 Ng3 25. cxb6 axb6 26. Rg2 Rf7 27. Nb4 h5 28. gxh5
Rh7 29. Nd5 Qg7 30. Rxb6 Rxh5 31. Nxf4 Bxf4 32. Qxf4 Nxe2 33. Qf3 Re3 34. Qxh5
gxh5 35. Rxg7+ Kxg7 36. a4 Rxd3 37. a5 Ra3 38. Rb2 Nf4 39. Bg3 Ne6 40. Be5+ Kf7
41. Rd2 Rxa5 1/2-1/2

[Event "Cracovia 2008 op A"]
[Site "Krakow"]
[Date "2009.01.02"]
[Round "7.60"]
[White "Sliwerski, Radoslaw"]
[Black "Pipala, Janusz"]
[Result "1-0"]
[WhiteElo "2120"]
[BlackElo "2086"]
[PlyCount "83"]
[EventDate "2008.??.??"]

1. d4 Nf6 2. c4 e6 3. Nc3 Bb4 4. Nf3 d5 5. Bg5 c6 6. Bxf6 Qxf6 7. e3 Nd7 8. Qb3
Qe7 9. a3 Bd6 10. Bd3 dxc4 11. Bxc4 O-O 12. Ne4 Bc7 13. O-O h6 14. Rac1 Nb6 15.
Bd3 Nd5 16. Bb1 g6 17. Qc2 Rb8 18. Nc3 Nxc3 19. Qxc3 Bd7 20. e4 f6 21. Ba2 Kh7
22. Rcd1 Rbc8 23. e5 f5 24. Qc5 Qd8 25. Qxa7 Rb8 26. Qc5 g5 27. g3 Rg8 28. Qc2
h5 29. Kh1 Rg7 30. Rg1 Kh8 31. h4 gxh4 32. gxh4 Rg4 33. Rxg4 hxg4 34. Ng5 Qg8
35. Qd2 Qg6 36. Qb4 Re8 37. Qxb7 Bd8 38. Qxd7 Bxg5 39. hxg5 Qh5+ 40. Kg2 Qh3+
41. Kg1 Rb8 42. Qxe6 1-0